| 000 | 00753nam a22002297a 4500 | ||
|---|---|---|---|
| 005 | 20260415092254.0 | ||
| 008 | 260415b |||||||| |||| 00| 0 eng d | ||
| 040 |
_aLC _cUNZA _dUNZA _eRDA |
||
| 050 |
_aZAMB BV 3557.M7 _bMOF 1885 |
||
| 100 |
_aMoffat, John Smith _d1835-1918 |
||
| 245 |
_aThe lives of Robert & Mary Moffat / _ctheir son, John S. Moffat. |
||
| 250 | _aSecond edition. | ||
| 260 |
_aLondon: _bT. Fisher Unwin, _c1885. |
||
| 300 |
_axix, 484 pages: _billustrations, maps, ports. |
||
| 500 | _aWith portraits and maps | ||
| 504 | _aIncludes an index. | ||
| 650 |
_aMoffat, Robert _y1795-1883 |
||
| 650 |
_aMoffat, Mary Smith _y1795-1871 |
||
| 650 |
_aMissions _zSouth Africa |
||
| 650 |
_aSouth Africa _xHistory |
||
| 942 | _cZAMBIANA | ||
| 999 |
_c216606 _d216606 |
||